000 00506nam a2200193Ia 4500
003 GCL
008 140319s9999 xx 000 0 ara d
040 _aGCL /
_cGCL
082 0 4 _a810.9
_bم د
100 1 _aميجان الرويلى
245 1 0 _aدليل الناقد الادبى /
_cميجان الرويلى
700 1 _aسعد البازعى
300 _a198
490 _a100 قصة
_v0
650 0 4 _aالادب العربى
650 0 4 _aالادب
650 0 4 _aنقد
942 _2ddc
_cBK
999 _c43429
_d43429